|
|
|
|
| LEADER |
00000nas a22000001a 4500 |
| 001 |
vtls010301175 |
| 003 |
SK-MaSNL |
| 005 |
20260228161524.0 |
| 008 |
110810c19501952xo x p r 0 b0slo |
| 015 |
|
|
|a SNBDS17XX9999
|
| 015 |
|
|
|a 0224
|2 Balúnová 1945-60
|
| 038 |
|
|
|a SNKBUDS
|
| 040 |
|
|
|a SNK
|b slo
|c SNK
|e AACR2
|
| 041 |
0 |
|
|a slo
|
| 044 |
|
|
|a xo
|c SK
|
| 080 |
|
|
|a 798.2
|2 2001
|
| 080 |
|
|
|a 798.4
|2 2001
|
| 080 |
|
|
|a 636.1
|2 2001
|
| 245 |
0 |
0 |
|a Dostihový program
|
| 260 |
|
|
|a Bratislava
|b Československý dostihový spolok, ústredie pre Slovensko
|c 1950-1951
|
| 260 |
2 |
|
|3 1952
|a Bratislava
|b Československé dostihové ústredie pre Slovensko v Bratislave
|
| 300 |
|
|
|a 3 roč.
|c 31 x 49 cm
|
| 310 |
|
|
|a Periodicita sa nedá určiť
|
| 362 |
0 |
|
|a Č. 1 (6.8.1950)-č. 8 (1952)
|
| 500 |
|
|
|a Zmena podnázvu: od 1/1952 (26. jan.) Neperiodický časopis z dostihovej prevádzky
|
| 500 |
|
|
|a Vych. v Bratislave [nepravidelne] vo formáte 31 x 49 cm, od 4/1951 (23. sept.) 30 x 43 cm, od 2/1952 (26. febr.) 31 x 47 cm
|
| 500 |
|
|
|a Zodp. red. od 1/1952 (26. jan.) Dominik Bohunický
|
| 500 |
|
|
|a Vyd. Československý dostihový spolok, ústredie pre Slovensko v Bratislave, od 1/1952 (26. jan.) Československé dostihové ústredie pre Slovensko v Bratislave
|
| 500 |
|
|
|a Tlač. od 2/1950 (27. aug.) závody Tatran, záv. Ľudotypia v Bratislave, od 4/1950 (22. sept.) Západoslov. tlačiarne, zákl. záv. v Bratislave, od 1/1952 (26. jan.) Západoslov. tlačiarne, n. p., záv. Concordia
|
| 500 |
|
|
|a Vych. od 6. aug. 1950; pov. PIO č. 7775/51-II/3; Roč. č. 1950 bez tiráže
|
| 505 |
8 |
0 |
|g Roč. 1950 9 č. po 2-4 s.
|
| 505 |
8 |
0 |
|g Roč. 1951 13 č. po 2 s.
|
| 505 |
8 |
0 |
|g Roč. 1952 8 č. po 4 s.
|
| 580 |
|
|
|a V r. 1953 pokračoval pod názvom Výkonnostné skúšky - chov koní
|
| 650 |
0 |
7 |
|a šport
|2 SNKPH
|9 1042
|
| 650 |
0 |
7 |
|a jazdectvo
|2 SNKPH
|9 3225
|
| 650 |
0 |
7 |
|a konské dostihy
|2 SNKPH
|9 3226
|
| 650 |
0 |
7 |
|a kone
|2 SNKPH
|9 2809
|
| 655 |
|
7 |
|a športové časopisy
|2 SNKBUDS
|9 145628
|
| 700 |
1 |
|
|a Bohunický, Dominik
|4 pbd
|9 268784
|
| 710 |
2 |
|
|a Československý dostihový spolok (Bratislava, Slovensko).
|b Ústredie pre Slovensko
|4 pbl
|9 268785
|
| 710 |
2 |
|
|a Československé dostihové ústredie pre Slovensko (Bratislava, Slovensko)
|4 pbl
|9 268786
|
| 710 |
2 |
|
|a Tlačiarenské závody Tatran (Bratislava, Slovensko).
|b Závod Ľudotypia
|4 prt
|9 268787
|
| 710 |
2 |
|
|a Západoslovenské tlačiarne (Bratislava, Slovensko)
|4 prt
|9 268788
|
| 710 |
2 |
|
|a Západoslovenské tlačiarne (Bratislava, Slovensko).
|b Závod Concordia
|4 prt
|9 268789
|
| 785 |
0 |
0 |
|t Výkonnostné skúšky - chov koní
|
| 852 |
|
|
|a SNK
|b 10000
|h ČSA 382
|
| 852 |
|
|
|a UKB
|b 300000
|h SAA 227
|
| 852 |
|
|
|a UKB
|b 300000
|h 20 AA 82
|
| 999 |
|
|
|c 5667
|d 7597
|